| 000 | 01032nam a2200289 i 4500 | ||
|---|---|---|---|
| 001 | 000035273 | ||
| 003 | DO-SdBNP | ||
| 005 | 20230913141616.0 | ||
| 007 | ta | ||
| 008 | 111027s1959 dr r 000 0 spa d | ||
| 040 |
_aDO-SdBNP _bspa _cBNPHU |
||
| 082 | 4 |
_bR426pr _222 |
|
| 110 | 1 |
_aRepública Dominicana. _bMinisterio de Educación, Bellas Artes y Cultos _957024 |
|
| 245 | 1 | 0 |
_aProgramas de la educación secundaria : _b2do. curso |
| 264 |
_aCiudad Trujillo, República Dominicana : _bMinisterio de Educación y Bellas Artes _c1959 |
||
| 300 |
_a48 paginas . ; _c23 cm. |
||
| 336 |
_2rdacontent _atexto _btxt |
||
| 337 |
_2rdamedia _asin mediación _bn |
||
| 338 |
_2rdacarrier _avolumen _bnc |
||
| 500 | _aera de Trujillo | ||
| 590 | _aInventariado, 2023/DG | ||
| 650 | 4 |
_aEducacion secundaria _zRepublica Dominicna _977265 |
|
| 650 | 4 |
_aActividades estudiantiles _zRepública Dominicana _977266 |
|
| 650 | 4 |
_aEducación secundaria _xPlanes de estudios _zRepública Dominicana _977267 |
|
| 910 | _aDG | ||
| 942 |
_2ddc _cLF2 |
||
| 999 |
_c54735 _d54735 |
||